000
00290nam a22001337a 4500
008
170905b xxu||||| |||| 00| 0 eng d
020
_a
0534049206
041
_a
eng
080
_2
5 ED
_a
070
100
_a
40
101
_a
MED
245
_a
PUBLIC OPINION
_c
HENNESSY.B
942
_2
udc
_c
BK
999
_c
26140
_d
26140